Quiz da Hungria - Statistics

Estatísticas Gerais
  • Esse quiz foi jogado 873 vezes
  • A pontuação média é 7 de 19
Estatísticas das Respostas
Dica Resposta % Correto
Capital Budapeste
93%
Império do qual a Hungria fazia parte até 1918, quando ele se dissolveu Austria-Hungria
83%
Rio passando pela cidade acima Danúbio
69%
País contra o qual a Hungria se revoltou em 1956 União Soviética
57%
Nomeie um país, excluindo a Hungria, que fala uma língua urálica Finlândia | Estônia
45%
Especiaria vermelha usada para dar sabor no acima Páprica
45%
Líder dos hunos entre 434-453 d.C. que foi chamado como "Flagelo de Deus" Átila
38%
Invenção famosa de Ernő Rubik Cubo Mágico (Cubo de Rubik)
35%
"Hungria" em húngaro {Magyar}ország
34%
Esporte dominado pela Hungria nas Olimpíadas de Verão Polo aquático
32%
Ensopado húngaro famoso Goulash
31%
Primeiro-ministro desde 2010, acusado de "eliminar" a democracia Viktor Orbán
31%
Cordilheira que circunda parcialmente a planície húngara Cárpatos
24%
Moeda oficial Florim
23%
Pianista que compôs as "Rapsódias húngaras" Franz Liszt
22%
Maior lago Balaton
17%
Húngaro-americano conhecido por suas teorias da conspiração George Soros
16%
Primeiro rei da Hungria Estêvão I
15%
Matemático húngaro-americano considerado como uma das pessoas mais inteligentes de todos os tempos John von {Neumann}
12%
Nenhum quiz correspondente encontrado
Distribuição das Pontuações
Porcentagem de Pessoas com Cada Pontuação
Percentil de Números Respondidos
Sua Pontuação Histórica
Você não jogou esse quiz